000 00638 a2200157 4500
003 Nust
005 20221215141259.0
040 _cNust
082 _a133.5, SEP
100 _aSepharial
_9104978
245 _aThe Daily Guide:
_cSepharial
260 _alondon
_bW.Foulsham
300 _a95,p;
505 _aIntroduction (Page-7), Solar Revolution (Page-14), The Lunar Revolution(Page-22), The Diurnal Horoscope (Page-30), Various Signals (Page-38), Method Of Working (Page-46), The House Of Heaven (Page-57), A Cardinal Example (Page-65), Radix And Revolution (Page-76), Transit (Page-84), Lunar Indications (Page-87).
942 _2ddc
_cBK
999 _c193699
_d193699